000 01746cam a22004217a 4500
003 CHAP
005 20250506093640.0
008 971013s1993 r 00010 d
010 _a71480
011 _a72452
035 _a82007
040 _cCHAP
082 _a630.724
_bR3
100 0 0 _aRamírez Miranda, César Adrián
_eed.
_994152
245 1 3 _aLa agricultura regional en el estado de Zacatecas
_b: investigación, docencia y servicios (CRUCEN 1986-1990)
260 _aChapingo, Méx. :
_bUACH.Dirección de Centros Regionales Universitarios,
_c1993
300 _a266 p.
590 _aBATCH-UPD
_b10
_c20130109
_lUCH01
_h2345
590 _aBATCH-UPD
_b10
_c20130110
_lUCH01
_h1037
590 _aBATCH-UPD
_b10
_c20130410
_lUCH01
_h0638
590 _aBATCH-UPD
_b10
_c20130914
_lUCH01
_h0006
590 _aBATCH-UPD
_b10
_c20130914
_lUCH01
_h1952
590 _aCONVERSION
_b10
_c20130109
_lUCH01
_h1339
650 1 4 _aAgricultura
_xInnovaciones tecnológicas.
_91565
650 1 4 _aAgricultura
_xZacatecas.
_91905
650 1 4 _aRecursos genéticos.
_995078
650 1 4 _aZacatecas
_xCondiciones rurales.
_9123403
700 1 _aGallegos Vázquez, Clemente
_eed.
_944424
710 0 _aUACH. Centro Regional Universitario Centro Norte.
_9115836
901 _aBK
942 _cLIBRO
949 _a630.724 R3
_bBC
_cLIBRO
_d-35802
_eUACH
_fc.5
_h86695
_i82007
_si
949 _a630.724 R3
_bBC
_cLIBRO
_d33724000046116
_eLIBRO
_h86691
_i82007
_si
949 _a630.724 R3
_bBC
_cLIBRO
_d33724000046173
_eLIBRO
_fc.2
_h86692
_i82007
_si
949 _a630.724 R3
_bBC
_cLIBRO
_d33724000046181
_eLIBRO
_fc.4
_h86694
_i82007
_si
949 _a630.724 R3
_bBC
_cLIBRO
_d33724000046199
_eLIBRO
_fc.3
_h86693
_i82007
_si
949 _a630.724 R3
_bCIESTAM
_cLIBRO
_d820071
_eLIBRO
_h137
_i82007
_sb
999 _c71480
_d71480